[Event "GACIJ"]
[Site "SchemingMind.com"]
[Date "2018.08.31"]
[Round "-"]
[White "roscoe"]
[Black "cnbcad"]
[Result "1-0"]
[WhiteCountry "USA"]
[BlackCountry "USA"]
[WhiteElo "1228"]
[WhiteRD "97"]
[BlackElo "1209"]
[BlackRD "68"]
[GameID "432011"]

1. d4 d5 2. Nf3 Nf6 3. g3 g6 4. Bg2 Bg7 5. O-O Nbd7 6. Re1 b6 7. Nbd2 Bb7 8. b3 c6 9. e4 dxe4 10. Nxe4 Nxe4
11. Rxe4 c5 12. Re2 cxd4 13. Nxd4 Bxg2 14. Kxg2 Nc5 15. Bb2 O-O 16. c3
1-0

[Event "GACIJ"]
[Site "SchemingMind.com"]
[Date "2018.09.01"]
[Round "-"]
[White "cnbcad"]
[Black "roscoe"]
[Result "0-1"]
[WhiteCountry "USA"]
[BlackCountry "USA"]
[WhiteElo "1209"]
[WhiteRD "68"]
[BlackElo "1228"]
[BlackRD "97"]
[GameID "432012"]

1. Nf3 Nf6 2. g3 d5 3. d4 g6 4. Bg2 Bg7 5. Nbd2 O-O 6. c3 Nbd7 7. b4 Re8 8. Bb2 b6 9. a4 c5 10. O-O cxd4
11. Nxd4 Bb7 12. a5 e5 13. Nb5 Re6 14. Bh3 Rc6 15. e3 Ba6
0-1

[Event "GACIJ"]
[Site "SchemingMind.com"]
[Date "2018.08.31"]
[Round "-"]
[White "roscoe"]
[Black "errantknight"]
[Result "0-1"]
[WhiteCountry "USA"]
[BlackCountry "USA"]
[WhiteElo "1223"]
[WhiteRD "96"]
[BlackElo "1632"]
[BlackRD "85"]
[GameID "432013"]

1. d4 e6 2. Nf3 c5 3. e3 cxd4 4. exd4 Nc6 5. c4 h6 6. Bd3 Nf6 7. O-O Be7 8. Re1 d6 9. Nc3 O-O 10. a3 b6
11. d5 exd5 12. cxd5 Nb8 13. h3 Re8 14. b4 Bb7 15. Bb5 Nbd7 16. Qb3 a6 17. Bxd7 Qxd7 18. Be3 b5 19. Bd4 Qf5 20. Nh4 Qg5
21. Nf3 Qf5 22. Ra2 Nxd5 23. a4 Nxc3 24. Bxc3 Bd5 25. Qc2 Qxc2 26. Rxc2 bxa4 27. Nd4 a3 28. Nf5 Bf6 29. Rxe8+ Rxe8 30. Nxd6 Re6
31. Bxf6 gxf6 32. Rc8+ Kg7 33. Nf5+ Kh7 34. Ne7 Rxe7 35. Rc5 Be6 36. Ra5 a2 37. Rxa6 Bc4 38. Ra5 Re1+ 39. Kh2 a1=Q
0-1

[Event "GACIJ"]
[Site "SchemingMind.com"]
[Date "2018.09.01"]
[Round "-"]
[White "errantknight"]
[Black "roscoe"]
[Result "1-0"]
[WhiteCountry "USA"]
[BlackCountry "USA"]
[WhiteElo "1604"]
[WhiteRD "84"]
[BlackElo "1228"]
[BlackRD "97"]
[GameID "432014"]

1. e4 d6 2. Nf3 Nf6 3. Nc3 Nc6 4. Bc4 Be6 5. Bxe6 fxe6 6. d3 e5 7. h3 a6 8. a3 Nd4 9. Be3 c5 10. Bxd4 cxd4
11. Ne2 e6 12. O-O Be7 13. c3 O-O 14. cxd4 exd4 15. Nexd4 Qd7 16. Ng5 d5 17. e5 Ne4 18. Nxe4 dxe4 19. dxe4 Rac8 20. Nf3 h6
21. Qxd7 Bc5 22. Qxe6+
1-0

[Event "GACIJ"]
[Site "SchemingMind.com"]
[Date "2018.08.31"]
[Round "-"]
[White "roscoe"]
[Black "Chessibelle"]
[Result "0-1"]
[WhiteCountry "USA"]
[BlackCountry "ENG"]
[WhiteElo "1175"]
[WhiteRD "101"]
[BlackElo "1205"]
[BlackRD "61"]
[GameID "432015"]

1. d4 d5 2. Nf3 e6 3. a3 Ne7 4. Nbd2 g6 5. e4 Bd7 6. Ne5 Bg7 7. Nxd7 Qxd7 8. e5 O-O 9. g3 Nbc6 10. Bg2 f6
11. Nb3 fxe5 12. Nc5 Qc8 13. Bh3 Nd8 14. O-O b6 15. Nb3 c6 16. Re1 e4 17. c3 Nf5 18. Bxf5 exf5 19. Bf4 h6 20. a4 Qe6
21. a5 Nf7 22. axb6 axb6 23. Rxa8 Rxa8 24. Bc7 b5 25. Nc5 Qe7 26. Be5 g5 27. Bxg7 Kxg7 28. b4 Rh8 29. Kg2 g4 30. Qd2 Qf6
31. Nd7 Qg6 32. Ne5 Qh5 33. Nxf7 Kxf7 34. Qa2 Qh3+
0-1

[Event "GACIJ"]
[Site "SchemingMind.com"]
[Date "2018.09.01"]
[Round "-"]
[White "Chessibelle"]
[Black "roscoe"]
[Result "0-1"]
[WhiteCountry "ENG"]
[BlackCountry "USA"]
[WhiteElo "1205"]
[WhiteRD "61"]
[BlackElo "1175"]
[BlackRD "101"]
[GameID "432016"]

1. e4 d6 2. Be2 Nf6 3. d3 h6 4. Nf3 e5 5. O-O Be7 6. Nbd2 O-O 7. c3 c5 8. a3 Nc6 9. Nb3 b6 10. d4 Nxe4
11. Bc4 d5 12. Bb5 Bd7 13. Bd3 c4 14. Nbd2 cxd3 15. Qe1 Re8 16. Qe3 exd4 17. Qxd3 a6 18. b4 b5 19. Nxd4 Ne5 20. Qc2 Qc8
21. N2f3 a5 22. Nxe5 Bf6 23. f4 Qxc3 24. Ra2 Qxd4+ 25. Kh1 Bf5 26. Nf3 Qb6 27. Rd1 Nf2+ 28. Qxf2 Qxf2 29. Rxf2 Bg4 30. Rxd5 Bxf3
31. Rxf3 Re1+
0-1

[Event "GACIJ"]
[Site "SchemingMind.com"]
[Date "2018.08.31"]
[Round "-"]
[White "roscoe"]
[Black "JAHI"]
[Result "0-1"]
[WhiteCountry "USA"]
[BlackCountry "INT"]
[WhiteElo "1223"]
[WhiteRD "96"]
[BlackElo "2122"]
[BlackRD "74"]
[GameID "432017"]

1. d4 c6 2. Nf3 e6 3. e4 c5 4. d5 exd5 5. exd5 d6 6. c4 Bg4 7. Be2 Bxf3 8. Bxf3 Nd7 9. O-O Be7 10. Re1 Kf8
11. g3 Qc7 12. Nc3 a6 13. b3 Bf6 14. Bb2 Bxc3 15. Bxc3 Ngf6 16. Bxf6 Nxf6 17. Qd2 Re8 18. Rxe8+ Nxe8 19. Re1 Nf6 20. b4 cxb4
21. Qxb4 Nd7 22. Rc1 Nc5 23. Qc3 Qd8 24. h4 f6 25. Bd1 Kf7 26. Bc2 g6 27. Re1 Re8 28. Rxe8 Qxe8 29. a4 Nxa4 30. Qa3 Qe1+
31. Kg2 Nc5 32. Qe3 Qxe3 33. fxe3 a5 34. e4 a4 35. Bb1 a3 36. Kf3 Na4 37. e5 Nc3 38. exd6 Nxb1 39. d7 Ke7 40. Ke4 a2
0-1

[Event "GACIJ"]
[Site "SchemingMind.com"]
[Date "2018.09.01"]
[Round "-"]
[White "JAHI"]
[Black "roscoe"]
[Result "1-0"]
[WhiteCountry "INT"]
[BlackCountry "USA"]
[WhiteElo "2079"]
[WhiteRD "74"]
[BlackElo "1228"]
[BlackRD "97"]
[GameID "432018"]

1. c3 Nf6 2. b3 d5 3. d3 g6 4. Bg5 h6 5. Bxf6 exf6 6. e3 Bg7 7. e4 O-O 8. exd5 Re8+ 9. Be2 Qxd5 10. Kf1 b5
11. Bf3 Qd6 12. Bxa8 Na6 13. Bf3 h5 14. Ne2 f5 15. d4 c5 16. Qd3 Be6 17. Nd2 c4 18. bxc4 b4 19. Rd1 bxc3 20. Qxc3 f4
21. c5 Qb8 22. Qa5 Bc8 23. Ne4 Bf5 24. Nd6 Re6 25. Qxa6 Bf8 26. Nxf4
1-0

[Event "GACIJ"]
[Site "SchemingMind.com"]
[Date "2018.08.31"]
[Round "-"]
[White "roscoe"]
[Black "Aleksandr Frenkel"]
[Result "0-1"]
[WhiteCountry "USA"]
[BlackCountry "USA"]
[WhiteElo "1175"]
[WhiteRD "101"]
[BlackElo "2200"]
[BlackRD "77"]
[GameID "432019"]

1. d4 Nf6 2. Nf3 g6 3. g3 Bg7 4. Bg2 O-O 5. O-O d6 6. Nbd2 Nbd7 7. Re1 e5 8. e4 exd4 9. Nxd4 Re8 10. c4 Nc5
11. h3 c6 12. N2b3 Ncxe4 13. Bxe4 Rxe4 14. Rxe4 Nxe4 15. Qf3 Nc5 16. Nxc5 Bxd4 17. Nb3 Bg7 18. Be3 Bxh3 19. Rb1 Bf5 20. Re1 Bxb2
21. Re2 Bg7 22. c5 Qd7 23. Nd4 Bg4 24. Qg2 Bxd4 25. Bxd4 Bxe2 26. f3 dxc5 27. Be3 Qd1+
0-1

[Event "GACIJ"]
[Site "SchemingMind.com"]
[Date "2018.09.01"]
[Round "-"]
[White "Aleksandr Frenkel"]
[Black "roscoe"]
[Result "1-0"]
[WhiteCountry "USA"]
[BlackCountry "USA"]
[WhiteElo "2200"]
[WhiteRD "77"]
[BlackElo "1175"]
[BlackRD "101"]
[GameID "432020"]

1. e4 d6 2. d4 Nf6 3. Nc3 Nc6 4. Bg5 h6 5. Bh4 g5 6. Bg3 Bg4 7. Be2 Bxe2 8. Ngxe2 Qd7 9. h4 O-O-O 10. hxg5 Ng4
11. d5 Nce5 12. Qd4 b6 13. f3 Bg7 14. O-O-O hxg5 15. fxg4 f6 16. Bxe5 fxe5 17. Qa4 Qxa4 18. Nxa4 Rh4 19. Rxh4 gxh4 20. g5 Rf8
21. Kd2 Rf2 22. Rg1 Kd7 23. Nc3 Rf8 24. Rh1 Rf2 25. Rh2 c6 26. dxc6+ Kxc6 27. Ke1 Rf8 28. Rxh4 Rg8 29. Nd5 e6 30. Ne7+
1-0

[Event "GACIJ"]
[Site "SchemingMind.com"]
[Date "2018.08.31"]
[Round "-"]
[White "cnbcad"]
[Black "errantknight"]
[Result "0-1"]
[WhiteCountry "USA"]
[BlackCountry "USA"]
[WhiteElo "1199"]
[WhiteRD "73"]
[BlackElo "1632"]
[BlackRD "85"]
[GameID "432021"]

1. Nf3 c5 2. c4 Nc6 3. g3 g6 4. Nc3 Bg7 5. Bg2 Nf6 6. b3 d6 7. Bb2 O-O 8. O-O Rb8 9. Nb5 a6 10. Nc3 Bd7
11. Nd5 Re8 12. Nxf6+ exf6 13. Rb1 Bf5 14. Rc1 Nb4
0-1

[Event "GACIJ"]
[Site "SchemingMind.com"]
[Date "2018.09.01"]
[Round "-"]
[White "errantknight"]
[Black "cnbcad"]
[Result "1-0"]
[WhiteCountry "USA"]
[BlackCountry "USA"]
[WhiteElo "1632"]
[WhiteRD "85"]
[BlackElo "1199"]
[BlackRD "73"]
[GameID "432022"]

1. e4 c5 2. Nf3 d6 3. g3 Nf6 4. Nc3 Nbd7 5. Bg2 g6 6. b3 Bg7 7. d3 b6 8. Bb2 Bb7 9. O-O e5 10. Nd5 Nxd5
11. exd5 Bxd5 12. c4 Bc6 13. Re1 a5 14. Rb1
1-0

[Event "GACIJ"]
[Site "SchemingMind.com"]
[Date "2018.08.31"]
[Round "-"]
[White "cnbcad"]
[Black "Chessibelle"]
[Result "0-1"]
[WhiteCountry "USA"]
[BlackCountry "ENG"]
[WhiteElo "1209"]
[WhiteRD "68"]
[BlackElo "1255"]
[BlackRD "63"]
[GameID "432023"]

1. Nf3 d6 2. g3 e5 3. d4 Ne7 4. Bg2 g6 5. dxe5 d5 6. c4 c6 7. Bg5 Bg7 8. Bf6 Bh6 9. Bxh8 Nd7 10. cxd5 Qb6
11. e6 Nf6 12. Bxf6 Nxd5 13. exf7+ Kxf7 14. Bd4 Qc7 15. Ne5+ Kg7 16. Ng4+ Kf8 17. Nxh6 Be6 18. O-O c5 19. Be3 Rd8 20. Bg5 Qe5
0-1

[Event "GACIJ"]
[Site "SchemingMind.com"]
[Date "2018.09.01"]
[Round "-"]
[White "Chessibelle"]
[Black "cnbcad"]
[Result "1-0"]
[WhiteCountry "ENG"]
[BlackCountry "USA"]
[WhiteElo "1205"]
[WhiteRD "61"]
[BlackElo "1359"]
[BlackRD "76"]
[GameID "432024"]

1. e4 c5 2. d3 d6 3. Nf3 Nf6 4. Be2 g6 5. O-O Bg7 6. Nbd2 Nbd7 7. b3 Nxe4 8. Nxe4 Bxa1 9. c3 Bxc3 10. Nxc3 O-O
11. Nd5 Nb6 12. Qd2 Nxd5 13. Bb2 b5 14. Ba1 b4 15. Qh6 e5 16. Ng5 Nf6 17. f3 Kh8 18. g3 Ng8 19. Qxh7#
1-0

[Event "GACIJ"]
[Site "SchemingMind.com"]
[Date "2018.08.31"]
[Round "-"]
[White "cnbcad"]
[Black "JAHI"]
[Result "0-1"]
[WhiteCountry "USA"]
[BlackCountry "INT"]
[WhiteElo "1199"]
[WhiteRD "73"]
[BlackElo "2122"]
[BlackRD "74"]
[GameID "432025"]

1. Nf3 c6 2. d4 e6 3. g3 d6 4. Bg2 g6 5. c3 Bg7 6. Nbd2 e5 7. dxe5 dxe5 8. O-O Bg4 9. Ne4 Bxf3 10. Qxd8+ Kxd8
11. Bxf3 Kc7 12. Be3 Nd7 13. Ng5 Rf8 14. Bxa7 b6 15. Rfd1 h6
0-1

[Event "GACIJ"]
[Site "SchemingMind.com"]
[Date "2018.09.01"]
[Round "-"]
[White "JAHI"]
[Black "cnbcad"]
[Result "1-0"]
[WhiteCountry "INT"]
[BlackCountry "USA"]
[WhiteElo "2079"]
[WhiteRD "74"]
[BlackElo "1209"]
[BlackRD "68"]
[GameID "432026"]

1. c3 Nf6 2. b3 g6 3. Bb2 Bg7 4. c4 c5 5. Bxf6 Bxf6 6. Nc3 Qa5 7. Qc2 Nc6 8. e3 d6 9. f3 Bd7 10. a3 O-O
11. Qb2 Bxc3 12. Qxc3 Qxc3 13. dxc3 Rfd8 14. b4
1-0

[Event "GACIJ"]
[Site "SchemingMind.com"]
[Date "2018.08.31"]
[Round "-"]
[White "cnbcad"]
[Black "Aleksandr Frenkel"]
[Result "0-1"]
[WhiteCountry "USA"]
[BlackCountry "USA"]
[WhiteElo "1209"]
[WhiteRD "68"]
[BlackElo "2184"]
[BlackRD "73"]
[GameID "432027"]

1. Nf3 Nf6 2. g3 g6 3. Bg2 Bg7 4. d4 O-O 5. c3 d6 6. Nbd2 c5 7. dxc5 dxc5 8. Rb1 Nc6 9. a3 Bf5 10. Ra1 Qd7
11. b4 cxb4 12. axb4 Nd5 13. Bb2 Ncxb4 14. cxb4 Bxb2 15. Rb1 Bxb1 16. Qxb1 Bc3 17. O-O Rfd8 18. Qb3 Qb5 19. Ne4 Qxb4 20. Qxb4 Bxb4
0-1

[Event "GACIJ"]
[Site "SchemingMind.com"]
[Date "2018.08.31"]
[Round "-"]
[White "Aleksandr Frenkel"]
[Black "cnbcad"]
[Result "1-0"]
[WhiteCountry "USA"]
[BlackCountry "USA"]
[WhiteElo "2184"]
[WhiteRD "73"]
[BlackElo "1209"]
[BlackRD "68"]
[GameID "432028"]

1. e4 c5 2. Nf3 d6 3. d4 cxd4 4. Nxd4 Nf6 5. Nc3 g6 6. Be3 Bg7 7. f3 Nbd7 8. Qd2 Ne5 9. Be2 Bd7 10. O-O-O a6
11. g4 b5 12. h4 b4 13. Nb1 Bb5 14. Nxb5 axb5 15. Qxb4 Rxa2 16. Qxb5+ Nfd7 17. Bd4 O-O 18. f4 Qb8 19. Qd5 Ra1 20. fxe5 Nxe5
21. b3
1-0

[Event "GACIJ"]
[Site "SchemingMind.com"]
[Date "2018.08.31"]
[Round "-"]
[White "Chessibelle"]
[Black "errantknight"]
[Result "0-1"]
[WhiteCountry "ENG"]
[BlackCountry "USA"]
[WhiteElo "1205"]
[WhiteRD "61"]
[BlackElo "1608"]
[BlackRD "99"]
[GameID "432030"]

1. e4 c5 2. d3 Nc6 3. Nc3 d6 4. Nf3 e6 5. Be2 h6 6. O-O Nf6 7. g3 Be7 8. a3 a6 9. Qd2 Bd7 10. Nd1 O-O
11. c4 Nd4 12. Nxd4 cxd4 13. b3 e5 14. a4 Qb6 15. Qb2 Ng4 16. f3 Nf6 17. f4 Bh3 18. Re1 exf4 19. Bxf4 Bg4 20. Rb1 Bxe2
21. Qxe2 Rfe8 22. e5 dxe5 23. Bxe5 Qc5 24. Kg2 Bd6 25. Qf3 Bxe5 26. b4 Qc7 27. Kf1 Re7 28. c5 Rae8 29. a5 Nh7 30. Nf2 Ng5
31. Qg4 Qc6 32. Ne4 Nxe4 33. dxe4 d3 34. Rbd1 Qb5 35. Rb1 d2+ 36. Re2 Bc3 37. Kg2 Qd3 38. Rd1 Qc2 39. Re3 Bxb4 40. Kh3 Bxc5
41. Qe2 Bxe3 42. Qf1 Qxe4 43. Qe2 Qf5+ 44. g4 Qg5 45. Qf3 Bf4 46. Kg2 Re2+ 47. Kh3 Rxh2#
0-1

[Event "GACIJ"]
[Site "SchemingMind.com"]
[Date "2018.08.31"]
[Round "-"]
[White "errantknight"]
[Black "JAHI"]
[Result "0-1"]
[WhiteCountry "USA"]
[BlackCountry "INT"]
[WhiteElo "1604"]
[WhiteRD "84"]
[BlackElo "2079"]
[BlackRD "74"]
[GameID "432031"]

1. e4 c6 2. Nf3 e6 3. Bc4 d6 4. h3 d5 5. exd5 cxd5 6. Bb3 Nc6 7. a3 Bc5 8. d4 Bd6 9. c3 Nge7 10. Bg5 f6
11. Bh4 Bd7 12. Nbd2 Qc7 13. Ng1 e5 14. Bg3 exd4 15. Bxd6 Qxd6 16. Ngf3 dxc3 17. bxc3 Qe6+ 18. Qe2 Qxe2+ 19. Kxe2 Rc8 20. Rhc1 Na5
21. Ba2 Bb5+ 22. Ke1 Kf7 23. Nd4 Bd3 24. f3 Rhd8 25. N2b3 Nc4 26. Rd1 Bg6 27. Na5 Nxa5
0-1

[Event "GACIJ"]
[Site "SchemingMind.com"]
[Date "2018.08.31"]
[Round "-"]
[White "JAHI"]
[Black "errantknight"]
[Result "1-0"]
[WhiteCountry "INT"]
[BlackCountry "USA"]
[WhiteElo "2079"]
[WhiteRD "74"]
[BlackElo "1604"]
[BlackRD "84"]
[GameID "432032"]

1. c3 c5 2. b3 Nc6 3. Bb2 Nf6 4. d3 g6 5. d4 cxd4 6. cxd4 Bg7 7. e3 O-O 8. Nd2 d5 9. Bb5 a6 10. Bxc6 bxc6
11. Ne2 Re8 12. Qc2 Bb7 13. e4 dxe4 14. Nxe4 Nxe4 15. Qxe4 Rb8 16. Qe3 c5 17. f3 cxd4 18. Bxd4 Bxd4 19. Qxd4 Qxd4 20. Nxd4 Rbd8
21. Nc2 Rd3 22. Ke2 Red8 23. Rhd1 Rxd1 24. Rxd1 Rxd1 25. Kxd1 e5 26. Kd2 Bc6 27. Nb4 Bb5 28. a3 a5 29. a4 Bd7 30. Nd3 f6
31. Kc3 Bc8 32. Nc5 Kf7 33. Kc4 Ke7 34. Kb5
1-0

[Event "GACIJ"]
[Site "SchemingMind.com"]
[Date "2018.08.31"]
[Round "-"]
[White "errantknight"]
[Black "Aleksandr Frenkel"]
[Result "0-1"]
[WhiteCountry "USA"]
[BlackCountry "USA"]
[WhiteElo "1608"]
[WhiteRD "99"]
[BlackElo "2200"]
[BlackRD "77"]
[GameID "432033"]

1. e4 e5 2. Nf3 Nc6 3. Bc4 Nf6 4. d3 Bc5 5. a3 d6 6. Nc3 h6 7. Be3 Bb6 8. h3 Ne7 9. Bxb6 axb6 10. O-O O-O
11. Re1 c6 12. Bb3 Ng6 13. Na4 b5 14. Nc3 Nd7 15. Nh2 Nc5 16. Ba2 Na4 17. Nxa4 bxa4 18. Qh5 Nf4 19. Qf3 b5 20. Qg3 Rb8
21. Ng4 Qg5 22. Ne3 Qxg3 23. fxg3 Nh5 24. Kh2 Nf6 25. Rf1 Be6 26. Bxe6 fxe6 27. Rf3 Rf7 28. Raf1 Rbf8 29. b3 axb3 30. cxb3 Ra7
31. Nc2 c5 32. g4 c4 33. bxc4 bxc4 34. dxc4 Rc8 35. Nb4 Rxc4 36. Rd3 Nxe4 37. Re1 Kf7 38. Rde3 Nc3 39. Nc2 e4 40. Rc1 d5
41. Ra1 e5 42. Nb4 d4 43. Ree1 d3
0-1

[Event "GACIJ"]
[Site "SchemingMind.com"]
[Date "2018.08.31"]
[Round "-"]
[White "Aleksandr Frenkel"]
[Black "errantknight"]
[Result "1-0"]
[WhiteCountry "USA"]
[BlackCountry "USA"]
[WhiteElo "2149"]
[WhiteRD "86"]
[BlackElo "1635"]
[BlackRD "133"]
[GameID "432034"]

1. e4 c5 2. Nf3 Nc6 3. d4 cxd4 4. Nxd4 Nxd4 5. Qxd4 d6 6. Nc3 Nf6 7. Bc4 e5 8. Qd3 h6 9. Be3 a6 10. O-O Be7
11. Rad1 Bd7 12. f4 O-O 13. fxe5 dxe5 14. Rxf6 Bxf6 15. Qxd7 Qxd7 16. Rxd7 b5 17. Bb3 Rad8 18. Ra7 Ra8 19. Bxf7+ Kh8 20. Rxa8 Rxa8
21. Nd5 Bg5 22. Bxg5 hxg5 23. Nb4 Rf8 24. Bd5 a5 25. Nd3 Re8 26. Bc6
1-0

[Event "GACIJ"]
[Site "SchemingMind.com"]
[Date "2018.08.31"]
[Round "-"]
[White "Chessibelle"]
[Black "JAHI"]
[Result "0-1"]
[WhiteCountry "ENG"]
[BlackCountry "INT"]
[WhiteElo "1255"]
[WhiteRD "63"]
[BlackElo "2079"]
[BlackRD "74"]
[GameID "432035"]

1. e4 c6 2. d3 e6 3. b3 d6 4. Nf3 d5 5. Nbd2 dxe4 6. dxe4 Nd7 7. Be2 Qc7 8. O-O Ne5 9. Bb2 Nxf3+ 10. Nxf3 f6
11. c4 e5 12. h3 Be6 13. g4 h6 14. a3 h5 15. Nh4 hxg4 16. Kh2 Rxh4 17. f3 Rxh3+ 18. Kg2 gxf3+ 19. Bxf3 Nh6 20. Rg1 Bc5
21. Qd2 Bxg1 22. Rxg1 Rd8 23. Qe3 Qb6 24. c5 Qa5 25. b4 Qa4 26. Qc1 Qb3 27. Rf1 Rd3 28. Kg1 Rdxf3 29. Bc3 Rxc3 30. Qd2 Rcg3+
0-1

[Event "GACIJ"]
[Site "SchemingMind.com"]
[Date "2018.08.31"]
[Round "-"]
[White "JAHI"]
[Black "Chessibelle"]
[Result "1-0"]
[WhiteCountry "INT"]
[BlackCountry "ENG"]
[WhiteElo "2079"]
[WhiteRD "74"]
[BlackElo "1255"]
[BlackRD "63"]
[GameID "432036"]

1. c3 e5 2. b3 d6 3. Bb2 Ne7 4. d3 g6 5. d4 Nbc6 6. dxe5 Nxe5 7. Nd2 Bg7 8. e3 O-O 9. Qc2 Bf5 10. e4 Bg4
11. f3 Be6 12. c4 f5 13. Rc1 c5 14. Bxe5 Bxe5 15. Bd3 Bf4 16. Ne2 Bg5 17. Nc3 Qe8 18. Kf1 Qf7 19. Nd5 Bh6 20. Nxe7+ Qxe7
21. exf5 gxf5 22. Re1 Rf7 23. h3 b6 24. h4 Qf6 25. h5 Rg7 26. Nb1 f4 27. Bxh7+ Rxh7 28. Qg6+ Qg7 29. Rxe6 Rf8 30. Nc3 Rf7
31. Nd5 Kf8 32. Nf6 a5 33. Re8#
1-0

[Event "GACIJ"]
[Site "SchemingMind.com"]
[Date "2018.08.31"]
[Round "-"]
[White "Chessibelle"]
[Black "Aleksandr Frenkel"]
[Result "0-1"]
[WhiteCountry "ENG"]
[BlackCountry "USA"]
[WhiteElo "1216"]
[WhiteRD "57"]
[BlackElo "2149"]
[BlackRD "86"]
[GameID "432037"]

1. e4 e5 2. Nf3 Nc6 3. d3 Bc5 4. Be2 Nge7 5. O-O O-O 6. Nbd2 f5 7. c4 d6 8. Ng5 Nd4 9. Bf3 Nec6 10. Nb3 f4
11. Nh3 Qh4 12. Nd2 Bb4 13. a3 Bxd2 14. Bxd2 Nxf3+ 15. Kh1 Bxh3 16. Qxf3 Bg4 17. g3 Bxf3+ 18. Kg1 Qh3 19. Bc3 Qg2#
0-1

[Event "GACIJ"]
[Site "SchemingMind.com"]
[Date "2018.08.31"]
[Round "-"]
[White "Aleksandr Frenkel"]
[Black "Chessibelle"]
[Result "1-0"]
[WhiteCountry "USA"]
[BlackCountry "ENG"]
[WhiteElo "2149"]
[WhiteRD "86"]
[BlackElo "1216"]
[BlackRD "57"]
[GameID "432038"]

1. e4 e5 2. Nf3 d6 3. Bc4 Nf6 4. Ng5 Be7 5. Nxf7 Qd7 6. Nxh8 d5 7. Bxd5 Qd6 8. Nf7 Qd7 9. Nxe5 Qd6 10. d4 c6
11. Bf7+ Kf8 12. Nc3 Be6 13. Bxe6 Qxe6 14. O-O h6 15. Ng6+ Kg8 16. d5 Qf7 17. Nxe7+ Qxe7 18. e5 Qxe5 19. Re1 Qd6 20. Bxh6 gxh6
21. dxc6 Qxc6 22. Qd8+ Kg7 23. Re7+ Kg6 24. Qd3+ Kh5 25. Qf5+ Kh4 26. g3#
1-0

[Event "GACIJ"]
[Site "SchemingMind.com"]
[Date "2018.08.31"]
[Round "-"]
[White "JAHI"]
[Black "Aleksandr Frenkel"]
[Result "0-1"]
[WhiteCountry "INT"]
[BlackCountry "USA"]
[WhiteElo "2122"]
[WhiteRD "74"]
[BlackElo "2156"]
[BlackRD "72"]
[GameID "432039"]

1. c3 Nf6 2. b3 e5 3. Bb2 d5 4. c4 d4 5. e3 Bc5 6. a3 O-O 7. b4 Be7 8. f3 c5 9. f4 dxe3 10. dxe3 Qxd1+
11. Kxd1 Rd8+ 12. Kc1 Ng4 13. Nf3 Nf2 14. Rg1 Rd1+ 15. Kc2 Bf5+ 16. Kb3 Bxb1 17. Bxe5 Nd7 18. Bc3 Ne4 19. Bb2 Rd8 20. Rxb1 Rxb1
21. Kc2 Rxb2+ 22. Kxb2 cxb4 23. axb4 Bxb4 24. Bd3 Nf2 25. Bc2 Ng4 26. Rd1 Nxe3 27. Rd3 Nxc2 28. Kxc2 Be7 29. g3 Nf6 30. Rxd8+ Bxd8
31. Ne5 Bc7 32. Nd3 Ng4 33. h3 Ne3+ 34. Kc3 h5 35. Nc5 b6 36. Nd3 a5 37. Nc1 h4 38. gxh4 Ng2 39. Kc2 Nxf4 40. Nb3 Bd8
41. h5 Nxh5 42. Nd4 Nf4 43. Nc6 Bc7 44. h4 Kf8 45. Nd4 Bd8 46. Kb3 Bxh4 47. Nb5 g5 48. Nd6 g4 49. Nf5 Bf2 50. Ka4 Ne6
51. Ka3 Nd4 52. Nd6 g3 53. Ka4 g2 54. Nb5 g1=Q 55. Nxd4 Qa1+ 56. Kb5 Qxd4 57. Kc6 b5 58. c5 Qxc5+ 59. Kb7 Qb6+ 60. Kc8 Bg3
61. Kd7 Qc7#
0-1

[Event "GACIJ"]
[Site "SchemingMind.com"]
[Date "2018.08.31"]
[Round "-"]
[White "Aleksandr Frenkel"]
[Black "JAHI"]
[Result "1-0"]
[WhiteCountry "USA"]
[BlackCountry "INT"]
[WhiteElo "2184"]
[WhiteRD "73"]
[BlackElo "2079"]
[BlackRD "74"]
[GameID "432040"]

1. e4 c6 2. d4 e6 3. Nf3 d6 4. Be2 d5 5. e5 f6 6. O-O fxe5 7. dxe5 Ne7 8. Re1 Qc7 9. Bd3 g6 10. Bg5 Bg7
11. Bf6 Kf8 12. Qd2 Nf5 13. c4 Bxf6 14. exf6 Qf7 15. Bxf5 gxf5 16. Qh6+ Ke8 17. Ne5 Qf8 18. Qh5+ Kd8 19. Nf7+ Kc7 20. Nxh8 Qxf6
21. Qxh7+ Bd7 22. cxd5 cxd5 23. Nc3 Kb6 24. Ng6 a6 25. Ne5 Qd8 26. Nxd7+ Qxd7 27. Qxd7 Nxd7 28. Rxe6+ Ka7 29. Nxd5 Rc8 30. Rd1 Nc5
31. Ne7 Nxe6 32. Nxc8+ Kb8 33. Ne7 f4 34. h4 a5 35. h5 f3 36. h6 fxg2 37. h7 a4 38. h8=Q+ Ka7 39. Nc8+ Kb8 40. Qe5+ Kxc8
41. Qxe6+ Kb8 42. Qb6 a3 43. Rd8#
1-0